[Event "Lugano Paradiso op 19th"]
[Site "Lugano"]
[Date "2022.05.06"]
[Round "1"]
[White "Andersen, Ulrik"]
[Black "Paleologu, Vladimir"]
[Result "0-1"]
[WhiteElo "1303"]
[BlackElo "2008"]
[PlyCount "64"]
[EventDate "2022.05.06"]
[EventType "swiss"]
[EventRounds "5"]
[EventCountry "SUI"]
[SourceTitle "CBM 208 Extra"]
[Source "ChessBase"]
[SourceDate "2022.07.31"]
[SourceVersion "1"]
[SourceVersionDate "2022.07.31"]
[SourceQuality "1"]

1. d4 d6 2. Nf3 Nd7 3. Bf4 g6 4. e3 Bg7 5. Bd3 e5 6. dxe5 dxe5 7. Bg5 f6 8. Bh4 Nc5 9. Bb5+ c6 10. Qxd8+ Kxd8 11. Be2 Ne7 12. Nc3 Nf5 13. 0-0-0+ Kc7 14. Bg3 h5 15. h4 Nxg3 16. fxg3 Bh6 17. b4 Bxe3+ 18. Kb2 Ne6 19. Ne4 Rf8 20. Rhf1 Bh6 21. c3 Bd7 22. Rd3 Rad8 23. Nfd2 f5 24. Nc5 Nxc5 25. bxc5 Be6 26. Rxd8 Rxd8 27. Nf3 Be3 28. Rd1 e4 29. Rxd8 exf3 30. Rd3 fxg2 31. Rd1 g1Q 32. Rxg1 Bxg1 0-1